Entry Nombre personal
001 - NÚMERO DE CONTROL
- campo de control: 129959
003 - IDENTIFICADOR DE NÚMERO DE CONTROL
- campo de control: OSt
005 - FECHA Y HORA DE LA ÚLTIMA TRANSACCIÓN
- campo de control: 20250818174139.0
008 - ELEMENTOS DE DATO DE LONGITUD-FIJA
- campo de control de longitud fija: 080222 b azznnaaan n bnc d
040 ## - FUENTE DE CATALOGACIÓN
- Centro catalogador/agencia de origen: OSt
- Centro/agencia transcriptor: OSt
100 1# - ENCABEZAMIENTO-NOMBRE DE PERSONA
- Nombre de persona: Esteban Collantes, Saturnino Esteban Miquel y Collantes,
- Títulos y otros términos asociados al nombre: Conde de,
- Fechas asociadas al nombre: 1847-1937
400 1# - TRAZADO DE VÉASE--NOMBRE DE PERSONA
- Nombre de persona: Collantes, Saturnino (
- Fechas asociadas al nombre: 1847-1937)
400 1# - TRAZADO DE VÉASE--NOMBRE DE PERSONA
- Nombre de persona: Collantes, Saturnino E. (
- Fechas asociadas al nombre: 1847-1937)
400 1# - TRAZADO DE VÉASE--NOMBRE DE PERSONA
- Nombre de persona: Miquel Collantes, Saturnino Esteban (
- Fechas asociadas al nombre: 1847-1937)
